000 00330 a2200133 4500
001 151891
040 _cEscola São Tomás de Aquino
100 _aBELLINGHAUSEN, Ingrid Biesemeyer
240 1 0 _aOs animais do mundinho
_lpor
245 1 0 _aOs animais do mundinho
362 0 _a2007
697 _a*LITERATURA INFANTIL
942 _cBK
999 _c151891
_d151891